000 00434nam a2200181Ia 4500
003 GCL
008 140319s9999 xx 000 0 eng d
040 _aGCL /
_cGCL
082 0 4 _a821
_bF P
100 1 _aFULLER, SIMON
245 1 0 _aTHE POETRY OF PROTEST /
_cFULLER, SIMON
260 _a[S.N] :
_bLONGMAN ،
_c1994
300 _a127 P
650 0 4 _aENGLISH POETRY
650 0 4 _aLITERATURE
650 0 4 _aPOETRY
942 _2ddc
_cBK
999 _c24689
_d24689